| 000 | 00808nam a2200241Ia 4500 | ||
|---|---|---|---|
| 003 | OSt | ||
| 005 | 20220925224220.0 | ||
| 006 | a|||||r|||| 00| 0 | ||
| 007 | ta | ||
| 008 | 220923b |||||||| |||| 00| 0 eng d | ||
| 020 |
_a9780415678384 _c1270.75 |
||
| 037 |
_bRKBA/09-10/4656, 24/07/2012, RAJKIRAN BOOK AGENCY _cGeneral Book |
||
| 040 |
_aRTL _cRTL _beng |
||
| 041 |
_2eng _aeng |
||
| 082 | _aY73(Q7):4196.2, Q2/TD | ||
| 100 |
_aSaeed Yousuf _9290962 |
||
| 245 | 0 | _aMuslim devotional art in India | |
| 260 |
_aLondon _bRoutledge _c2012 |
||
| 300 |
_ax, 209p. _ccm. |
||
| 500 | _aBibliography: P 191-99; Glossary: P 183-90 | ||
| 942 |
_hY73(Q7):4196.2, Q2/TD _cGB _2CC |
||
| 999 |
_c581051 _d581051 |
||